[Event "27.Bayer.Senioren-EM2015"]
[Site "?"]
[Date "2015.06.15"]
[Round "3.3"]
[White "Goy, Udo"]
[Black "Straub, Peter"]
[Result "1/2-1/2"]
[WhiteElo "2084"]
[BlackElo "1965"]
[PlyCount "86"]
[EventDate "2015.??.??"]
[WhiteTeam "Ford SF Köln"]
[BlackTeam "SK Mering"]

1. c4 g6 2. Nc3 Bg7 3. d4 Nf6 4. Nf3 d5 5. cxd5 Nxd5 6. e4 Nxc3 7. bxc3 O-O 8.
Be2 b6 9. O-O Bb7 10. Qc2 Nd7 11. Re1 c5 12. d5 Ne5 13. Nxe5 Bxe5 14. Bh6 Bg7
15. Bxg7 Kxg7 16. c4 e5 17. Qc3 Qf6 18. g3 Rfe8 19. Bd3 Bc8 20. Re3 h5 21. h4
Bh3 22. Bf1 Bg4 23. Bg2 Rad8 24. f3 Bc8 25. Rf1 Re7 26. f4 Rde8 27. Rd3 Bg4 28.
Rf2 exf4 29. Qxf6+ Kxf6 30. d6 Rd7 31. gxf4 Kg7 32. e5 Rdd8 33. Ra3 a5 34. Rb2
f6 35. exf6+ Kxf6 36. Rxb6 Re6 37. Rxa5 Rexd6 38. Rxd6+ Rxd6 39. Bd5 Kf5 40.
Rxc5 Kxf4 41. Rc6 Rd8 42. Kf2 Rb8 43. Rf6+ Bf5 1/2-1/2

[Event "27.Bayer.Senioren-EM2015"]
[Site "?"]
[Date "2015.06.15"]
[Round "3.4"]
[White "Klueber, Werner"]
[Black "Urytskyy, Arkadiy"]
[Result "0-1"]
[WhiteElo "1740"]
[BlackElo "2078"]
[PlyCount "74"]
[EventDate "2015.??.??"]
[WhiteTeam "SC Prichsenstadt"]
[BlackTeam "TSV Bindlach"]

1. d4 Nf6 2. c4 g6 3. Nc3 Bg7 4. e4 d6 5. Nf3 O-O 6. Be2 Nbd7 7. O-O c6 8. h3
e5 9. dxe5 dxe5 10. Be3 Re8 11. Qd2 Qc7 12. Rfd1 Nf8 13. Rac1 Ne6 14. Qc2 Nh5
15. Ng5 Nhf4 16. Nxe6 Nxe6 17. b4 Nd4 18. Qb1 Be6 19. Bd3 Rad8 20. Ne2 Rd7 21.
f3 Red8 22. Nxd4 exd4 23. Bf2 Qf4 24. Kf1 Bh6 25. Kg1 Bg7 26. Kf1 Qh2 27. Bg1
Qh1 28. Kf2 Bh6 29. Rc2 Bf4 30. Re2 h5 31. Rf1 Be3+ 32. Kg3 h4+ 33. Kxh4 Bxg1
34. Rxg1 Qh2 35. g4 Qf4 36. Qc1 Qxf3 37. Rg3 Qf6+ 0-1

[Event "27.Bayer.Senioren-EM2015"]
[Site "?"]
[Date "2015.06.15"]
[Round "3.5"]
[White "Jergler, Karl-Heinz"]
[Black "Leuschner, Guenter"]
[Result "1-0"]
[WhiteElo "2076"]
[BlackElo "1757"]
[PlyCount "71"]
[EventDate "2015.??.??"]
[WhiteTeam "SC Waldkraiburg"]
[BlackTeam "SW Nürnberg Süd"]

1. e4 d6 2. d4 Nd7 3. Nc3 e6 4. Nf3 Be7 5. Bd3 c5 6. O-O cxd4 7. Nxd4 Ngf6 8.
Nb3 O-O 9. Be3 b6 10. f4 Bb7 11. Qf3 Rc8 12. Rae1 d5 13. e5 Ne4 14. Nxe4 dxe4
15. Bxe4 Bxe4 16. Qxe4 Nc5 17. Nxc5 Bxc5 18. Rd1 Qc7 19. Rf2 g6 20. Rfd2 Kg7
21. c3 Rfd8 22. Bd4 a5 23. h3 b5 24. Kh2 b4 25. c4 a4 26. b3 a3 27. Bxc5 Rxd2
28. Rxd2 Qxc5 29. Qd4 Qc6 30. Qe3 Rb8 31. Rd6 Qb7 32. Qd4 h5 33. c5 Qc7 34. c6
Rb6 35. Qc5 h4 36. Rd7 1-0

[Event "27.Bayer.Senioren-EM2015"]
[Site "?"]
[Date "2015.06.15"]
[Round "3.6"]
[White "Aigner, Georg"]
[Black "Trescher, Manfred"]
[Result "0-1"]
[WhiteElo "1725"]
[BlackElo "2062"]
[PlyCount "102"]
[EventDate "2015.??.??"]
[WhiteTeam "SC Taufkirchen"]
[BlackTeam "Stiftung BSW - SG München"]

1. e4 e6 2. d4 d5 3. exd5 exd5 4. Nf3 Nf6 5. Bd3 Bd6 6. O-O O-O 7. Be3 Nbd7 8.
h3 Re8 9. Nc3 c6 10. Nd2 Nf8 11. Re1 h6 12. Qf3 Bc7 13. Ne2 Ng6 14. Bxg6 fxg6
15. Bf4 Bf5 16. Bxc7 Qxc7 17. c3 Ne4 18. Nxe4 Bxe4 19. Qg3 Qf7 20. f3 Bf5 21.
Qf2 Re7 22. Ng3 Rae8 23. Rxe7 Qxe7 24. Qd2 Bd7 25. Kf1 Qe3 26. Qxe3 Rxe3 27.
Re1 Rxe1+ 28. Kxe1 Kf7 29. Kd2 Kf6 30. Ke3 Kg5 31. f4+ Kh4 32. Kf3 Bf5 33. Ne2
Be4+ 34. Kf2 g5 35. fxg5 Kxg5 36. g3 Bb1 37. a3 Kf5 38. Ke3 h5 39. Nf4 g6 40.
Ng2 Be4 41. Nf4 g5 42. Ne2 Bg2 43. Ng1 g4 44. h4 Bf1 45. b3 a5 46. Kf2 Ba6 47.
Ke3 a4 48. b4 Bc4 49. Kf2 Ke4 50. Ke1 Ke3 51. b5 cxb5 0-1

[Event "27.Bayer.Senioren-EM2015"]
[Site "?"]
[Date "2015.06.15"]
[Round "3.8"]
[White "Daeubler, Heinrich"]
[Black "Duerr, Rainer"]
[Result "1-0"]
[WhiteElo "2058"]
[BlackElo "1816"]
[PlyCount "100"]
[EventDate "2015.??.??"]
[WhiteTeam "SC Haselmühl"]
[BlackTeam "SC Prien"]

1. d4 e6 2. c4 Bb4+ 3. Bd2 Bxd2+ 4. Qxd2 Nf6 5. Nc3 d5 6. Nf3 O-O 7. Qc2 c6 8.
e3 Nbd7 9. cxd5 exd5 10. Bd3 Qe7 11. O-O-O Re8 12. Nd2 c5 13. Nf3 Nf8 14. dxc5
Be6 15. Kb1 Qxc5 16. Nd4 Rec8 17. Rc1 a6 18. Qb3 Qd6 19. Qxb7 Rcb8 20. Qc6 Qb4
21. Nb3 Bd7 22. Qc5 Qb7 23. Qa3 Ne6 24. f3 a5 25. Rc2 Qb6 26. Re1 a4 27. Nc1
Nc5 28. Nxd5 Nxd5 29. Qxc5 Nb4 30. Qxb6 Rxb6 31. Rc7 Be6 32. Bc4 Rab8 33. Bxe6
fxe6 34. e4 Nxa2 35. Kxa2 Rxb2+ 36. Ka3 Rxg2 37. Re2 Rg1 38. Kxa4 Rf1 39. Re3
Rf2 40. Rb3 Ra8+ 41. Kb5 Rxh2 42. Rbc3 h5 43. Nd3 h4 44. Nf4 e5 45. Ng6 h3 46.
Nxe5 Rb2+ 47. Kc6 Ra1 48. f4 g5 49. Rxh3 gxf4 50. Rh4 Rc1+ 1-0

[Event "27.Bayer.Senioren-EM2015"]
[Site "?"]
[Date "2015.06.15"]
[Round "3.9"]
[White "Fischer, Gerd"]
[Black "Reimann, Guenther"]
[Result "1-0"]
[WhiteElo "2011"]
[BlackElo "1803"]
[PlyCount "85"]
[EventDate "2015.??.??"]
[WhiteTeam "FC Gunzenhausen"]
[BlackTeam "SC Magstadt"]

1. Nf3 e6 2. b3 f5 3. Bb2 Nf6 4. e3 Be7 5. Be2 d6 6. d4 O-O 7. O-O Ne4 8. c4 c6
9. Nc3 Nd7 10. Qc2 Ng5 11. b4 Nxf3+ 12. Bxf3 e5 13. dxe5 Nxe5 14. Be2 Qe8 15.
f4 Ng4 16. Bxg4 fxg4 17. e4 d5 18. cxd5 Bxb4 19. g3 Bc5+ 20. Kh1 b6 21. dxc6
Qxc6 22. Nd5 Bb7 23. Rad1 Rad8 24. Rf2 Kh8 25. Rfd2 Rfe8 26. h4 gxh3 27. Kh2
Qg6 28. f5 Qf7 29. f6 g5 30. Nc7 Rxd2+ 31. Rxd2 Kg8 32. Nxe8 Qxe8 33. Qc4+ Kf8
34. f7 Qc8 35. Qc3 Kxf7 36. Qg7+ Ke8 37. Qg8+ Ke7 38. Qxg5+ Ke8 39. Qg8+ Ke7
40. Qxh7+ Ke8 41. Qg6+ Ke7 42. Bf6+ Ke6 43. Qf5+ 1-0

[Event "27.Bayer.Senioren-EM2015"]
[Site "?"]
[Date "2015.06.15"]
[Round "3.10"]
[White "Neubauer, Jaroslaus"]
[Black "Selig, Rainer"]
[Result "0-1"]
[WhiteElo "1858"]
[BlackElo "2007"]
[PlyCount "82"]
[EventDate "2015.??.??"]
[WhiteTeam "SK Schweinfurt"]
[BlackTeam "SpV Ebersbach/SA"]

1. e4 c5 2. Nf3 d6 3. d4 cxd4 4. Nxd4 Nf6 5. Nc3 a6 6. Bc4 e6 7. Bb3 Be7 8. Qe2
O-O 9. Be3 b5 10. a3 Qc7 11. g4 Nc6 12. Rg1 Nxd4 13. Bxd4 Nd7 14. g5 Ne5 15.
Rg3 Ng6 16. Be3 Re8 17. O-O-O Bd7 18. Qh5 Rac8 19. f4 Qb7 20. Rh3 Nf8 21. f5
Rxc3 22. bxc3 Qxe4 23. Rf1 d5 24. f6 Bxa3+ 25. Kb1 Qg6 26. Qf3 Bd6 27. fxg7
Qxg7 28. Qh5 Rc8 29. Rhf3 Be8 30. Rf6 Be5 31. Bd4 Ng6 32. h4 a5 33. Qg4 a4 34.
Bxd5 Bxd4 35. cxd4 Rd8 36. Ba2 Qf8 37. c3 b4 38. Bxe6 bxc3 39. d5 Qa3 40. Rxg6+
hxg6 41. Bxf7+ Bxf7 0-1

[Event "27.Bayer.Senioren-EM2015"]
[Site "?"]
[Date "2015.06.15"]
[Round "3.11"]
[White "Blodig, Reinhard"]
[Black "Zschorsch, Peter"]
[Result "1/2-1/2"]
[WhiteElo "1999"]
[BlackElo "1772"]
[PlyCount "109"]
[EventDate "2015.??.??"]
[WhiteTeam "TV Riedenburg"]
[BlackTeam "Karlsruher SF"]

1. g3 d5 2. Nf3 g6 3. Bg2 Bg7 4. c4 c6 5. cxd5 cxd5 6. d4 Nf6 7. Nc3 O-O 8. O-O
Nc6 9. Ne5 e6 10. f4 Qb6 11. e3 Nd7 12. Nd3 a6 13. Bd2 Qa7 14. Rc1 Re8 15. a3
Ne7 16. g4 Rb8 17. Be1 f5 18. Bh4 Nf6 19. Ne5 Ne4 20. h3 Bf6 21. Bxe4 Bxh4 22.
Bd3 Bf6 23. Qf3 Rf8 24. Qg3 Kh8 25. g5 Bxe5 26. fxe5 Bd7 27. Ne2 Rbc8 28. Nf4
Rxc1 29. Rxc1 Rc8 30. Qe1 Qb6 31. Rxc8+ Bxc8 32. Qc3 Bd7 33. Kf2 Nc6 34. Bc2
Qb5 35. b3 Qb6 36. h4 Ne7 37. Nd3 Qc6 38. Qxc6 Nxc6 39. b4 Kg7 40. Nc5 Bc8 41.
Ba4 b5 42. Bd1 Kf7 43. Nb3 Ke7 44. Ke1 Kf7 45. Kd2 Kg7 46. Kc3 h6 47. Nd2 hxg5
48. hxg5 Nd8 49. Nf3 Bd7 50. Be2 Nf7 51. Kd2 Nd8 52. Ke1 Nc6 53. Kd2 Na7 54.
Kc3 Nc8 55. Nd2 1/2-1/2

[Event "27.Bayer.Senioren-EM2015"]
[Site "?"]
[Date "2015.06.15"]
[Round "3.12"]
[White "Koenigl, Anton"]
[Black "Siegmund, Rainer"]
[Result "0-1"]
[WhiteElo "1767"]
[BlackElo "1991"]
[PlyCount "102"]
[EventDate "2015.??.??"]
[WhiteTeam "FC Ergolding"]
[BlackTeam "SV Dresden-Striesen"]

1. d4 Nf6 2. Nf3 e6 3. e3 c5 4. Bd3 d5 5. b3 Nc6 6. Bb2 Bd6 7. Nbd2 cxd4 8.
exd4 O-O 9. O-O Qc7 10. Re1 Nb4 11. Nf1 Bd7 12. a3 Nxd3 13. Qxd3 Rac8 14. Rac1
b5 15. Ne5 Qb7 16. Nd2 Rc7 17. Ndf3 h6 18. Nxd7 Rxd7 19. Ne5 Rc7 20. Re3 Rfc8
21. Qe2 a5 22. f3 Qb6 23. Qd2 Nd7 24. Nxd7 Rxd7 25. g3 Rdc7 26. Kg2 Rc6 27. Re2
Qa6 28. Qd3 Qb7 29. f4 Be7 30. Kh3 R8c7 31. f5 b4 32. axb4 axb4 33. fxe6 Qc8
34. Kg2 fxe6 35. h4 Bf6 36. Rf2 Be7 37. Qg6 Kh8 38. Re1 Rxc2 39. Ree2 Rxe2 40.
Rxe2 Rc6 41. Qf7 Qf8 42. Qxf8+ Bxf8 43. Kf3 Be7 44. h5 Kg8 45. Ke3 Kf7 46. Kd3
Kf6 47. g4 Kg5 48. Rg2 Kf4 49. Rg1 Kf3 50. Bc1 Rc3+ 51. Kd2 Bg5+ 0-1

[Event "27.Bayer.Senioren-EM2015"]
[Site "?"]
[Date "2015.06.15"]
[Round "3.13"]
[White "Stolpynskyy, Mark"]
[Black "Wittkugel, Friedhelm"]
[Result "1-0"]
[WhiteElo "1968"]
[BlackElo "1768"]
[PlyCount "63"]
[EventDate "2015.??.??"]
[WhiteTeam "SW Nürnberg Süd"]
[BlackTeam "SV Kamen"]

1. d4 d5 2. Nf3 Nf6 3. Bf4 c6 4. e3 Qb6 5. Qc1 Bf5 6. Nbd2 e6 7. Be2 h6 8. h3
Nbd7 9. O-O c5 10. c3 Bd6 11. Bxd6 Qxd6 12. b3 O-O 13. Qa3 b6 14. Rac1 Rfc8 15.
Rfd1 Rc7 16. c4 Qf8 17. cxd5 exd5 18. Ne5 Nxe5 19. dxe5 Nd7 20. Nf3 Be6 21. Rd2
a6 22. Qb2 b5 23. Nd4 Rac8 24. Rdc2 Qe7 25. f4 f5 26. Qa3 Nf8 27. Nxe6 Nxe6 28.
Qxa6 d4 29. Qxb5 dxe3 30. Bc4 Kh8 31. Bxe6 Qxe6 32. Qe2 1-0

[Event "27.Bayer.Senioren-EM2015"]
[Site "?"]
[Date "2015.06.15"]
[Round "3.14"]
[White "Perzl, Michael"]
[Black "Walther, Reinhard"]
[Result "1/2-1/2"]
[WhiteElo "1713"]
[BlackElo "1942"]
[PlyCount "53"]
[EventDate "2015.??.??"]
[WhiteTeam "TSV Trostberg"]
[BlackTeam "SK Herzogenaurach"]

1. d4 d5 2. c4 c6 3. cxd5 cxd5 4. Nc3 Nf6 5. Nf3 Nc6 6. e3 g6 7. Bd3 Bg7 8. O-O
O-O 9. Bd2 Bg4 10. h3 Bxf3 11. Qxf3 e5 12. dxe5 Nxe5 13. Qe2 Re8 14. Bb5 Re7
15. Qd1 a6 16. Be2 Rc8 17. Bf3 Nxf3+ 18. Qxf3 Ne4 19. Rfd1 Rd7 20. Rac1 Nxd2
21. Rxd2 d4 22. exd4 Rc6 23. Rcd1 Bxd4 24. Ne4 f5 25. Nc3 Rcd6 26. Kh1 Qb6 27.
Ne2 1/2-1/2

[Event "27.Bayer.Senioren-EM2015"]
[Site "?"]
[Date "2015.06.15"]
[Round "3.15"]
[White "Glueck, Josef"]
[Black "Reichwald, Klaus"]
[Result "1-0"]
[WhiteElo "1891"]
[BlackElo "1743"]
[PlyCount "101"]
[EventDate "2015.??.??"]
[WhiteTeam "SG Traunstein/Traunreut"]
[BlackTeam "SC Lohhof"]

1. Nf3 Nf6 2. c4 d6 3. d4 g6 4. Nc3 Bg7 5. Bg5 h6 6. Bh4 O-O 7. e3 c6 8. Be2
Nbd7 9. Qc2 Qe8 10. Rc1 e5 11. O-O a6 12. Rfd1 Nh7 13. Ne4 g5 14. Bg3 Qe7 15.
dxe5 dxe5 16. Nd6 Nc5 17. b4 e4 18. Nxc8 Raxc8 19. Bd6 Qe6 20. Bxc5 exf3 21.
Bxf3 Rfd8 22. Qe4 Nf6 23. Qxe6 fxe6 24. h3 Kf7 25. Bb6 Rxd1+ 26. Rxd1 Bf8 27.
a3 Be7 28. e4 e5 29. Bg4 Nxg4 30. hxg4 Ke6 31. f3 c5 32. bxc5 Bxc5+ 33. Bxc5
Rxc5 34. Rb1 b5 35. cxb5 axb5 36. Rb4 Kd6 37. a4 Kc6 38. Rxb5 Rxb5 39. axb5+
Kxb5 40. Kf1 Kc5 41. Ke1 Kc4 42. Ke2 Kc5 43. Kd3 Kb4 44. g3 Kb5 45. Ke3 Kc5 46.
f4 Kd6 47. f5 Ke7 48. Kd3 Kd6 49. Kc4 Kc6 50. f6 Kd6 51. f7 1-0

[Event "27.Bayer.Senioren-EM2015"]
[Site "?"]
[Date "2015.06.15"]
[Round "3.16"]
[White "Niedermaier, Peter"]
[Black "Maugg, Ludwig"]
[Result "1/2-1/2"]
[WhiteElo "1757"]
[BlackElo "1881"]
[PlyCount "67"]
[EventDate "2015.??.??"]
[WhiteTeam "SU Ebersberg-Grafing"]
[BlackTeam "SC Sonthofen"]

1. e4 c5 2. d4 cxd4 3. c3 Nf6 4. e5 Nd5 5. cxd4 g6 6. Nc3 Nxc3 7. bxc3 Bg7 8.
Nf3 O-O 9. g3 d6 10. Bg2 Qc7 11. exd6 exd6 12. Qc2 Nc6 13. Be3 Bf5 14. Qd2 Na5
15. O-O Rac8 16. Rfc1 Nc4 17. Qe1 Rfe8 18. Nd2 Nxe3 19. fxe3 Bh6 20. e4 Bxd2
21. Qxd2 Bxe4 22. Bxe4 Rxe4 23. Rc2 Rce8 24. Rf1 f5 25. Qf2 Qc4 26. Qf3 b6 27.
Rff2 R8e7 28. h4 Re3 29. Qf4 Qd5 30. Kh2 R7e4 31. Qg5 Re1 32. Rg2 Qc4 33. Rcf2
Qe6 34. h5 1/2-1/2

[Event "27.Bayer.Senioren-EM2015"]
[Site "?"]
[Date "2015.06.15"]
[Round "3.17"]
[White "Kochseder, Georg"]
[Black "Schiessl, Werner"]
[Result "1-0"]
[WhiteElo "1871"]
[BlackElo "1388"]
[PlyCount "77"]
[EventDate "2015.??.??"]
[WhiteTeam "TV Hallstadt"]
[BlackTeam "FVS ASP Hoyerswerda"]

1. e4 e5 2. Nf3 Nc6 3. Bc4 Nf6 4. d3 h6 5. h3 d5 6. exd5 Nxd5 7. O-O Be6 8. Re1
Bd6 9. Nbd2 f5 10. Nd4 Qf6 11. Nxe6 Qxe6 12. Qh5+ Ke7 13. Bxd5 Qxd5 14. Qxf5
Raf8 15. Qe4 Qf7 16. f3 Kd8 17. b3 Qd7 18. Nc4 Rf6 19. a4 Rhf8 20. Rf1 Rf4 21.
Bxf4 Rxf4 22. Qe2 Be7 23. Nxe5 Nxe5 24. Qxe5 Bd6 25. Qe2 Rf5 26. d4 Qf7 27.
Rae1 Qg6 28. f4 Rf8 29. Rf3 Kd7 30. Qe4 Qe8 31. Qxe8+ Rxe8 32. Rxe8 Kxe8 33.
Kf2 c6 34. g4 h5 35. a5 Kf7 36. Ke3 Ke6 37. Ke4 hxg4 38. f5+ Kf6 39. hxg4 1-0

[Event "27.Bayer.Senioren-EM2015"]
[Site "?"]
[Date "2015.06.15"]
[Round "3.18"]
[White "Isopp, Manfred"]
[Black "Zehfuss, Helmut"]
[Result "1-0"]
[WhiteElo "1957"]
[BlackElo "1716"]
[PlyCount "111"]
[EventDate "2015.??.??"]
[WhiteTeam "SV Treffen"]
[BlackTeam "SG Traunstein/Traunreut"]

1. e4 g6 2. d4 Bg7 3. Nf3 d6 4. Be2 Nf6 5. Nc3 O-O 6. h3 c6 7. Be3 Qa5 8. O-O
e5 9. Qd2 a6 10. Rab1 Qc7 11. Rbd1 Re8 12. dxe5 dxe5 13. Qd6 Qxd6 14. Rxd6 Nbd7
15. Rfd1 Bf8 16. R6d2 b5 17. g4 h6 18. g5 hxg5 19. Nxg5 Nc5 20. b4 Ne6 21. a3
Nxg5 22. Bxg5 Kg7 23. Kg2 Be6 24. f4 Nh7 25. Bg4 Bxg4 26. hxg4 Nxg5 27. fxg5 a5
28. bxa5 Rxa5 29. Nb1 Raa8 30. Rd7 Rac8 31. R1d3 Re7 32. Nd2 Rxd7 33. Rxd7 Bxa3
34. Nf3 Bb2 35. Kf2 Kf8 36. Ke2 Ke8 37. Ra7 Rd8 38. Rc7 Rd6 39. Rb7 Rd7 40. Rb6
Rd6 41. Rb7 Bc3 42. Rc7 Re6 43. Rb7 Re7 44. Rb8+ Kd7 45. Kd3 Kc7 46. Ra8 Kb7
47. Rg8 Ba5 48. c3 c5 49. Rf8 Bc7 50. Ne1 c4+ 51. Ke2 Rd7 52. Nc2 Rd3 53. Re8
Kc6 54. Nb4+ Kd6 55. Nxd3 cxd3+ 56. Kxd3 1-0

[Event "27.Bayer.Senioren-EM2015"]
[Site "?"]
[Date "2015.06.15"]
[Round "3.19"]
[White "Boldt, Heinrich"]
[Black "Strecker, Gerhard"]
[Result "1/2-1/2"]
[WhiteElo "1682"]
[BlackElo "1930"]
[PlyCount "63"]
[EventDate "2015.??.??"]
[WhiteTeam "TSV Kareth-Lappersdorf"]
[BlackTeam "SC Starnberg"]

1. d4 Nf6 2. Nf3 e6 3. g3 b6 4. Bg2 Bb7 5. O-O c5 6. c3 Be7 7. Bg5 O-O 8. Re1
d6 9. dxc5 bxc5 10. Qb3 Qc7 11. Nbd2 Nc6 12. e4 Rab8 13. Qc2 h6 14. Bf4 g5 15.
e5 gxf4 16. exf6 Bxf6 17. Ne4 Bg7 18. gxf4 Ne7 19. Ng3 Bd5 20. Nh4 Bxg2 21.
Nxg2 Qb7 22. Rab1 Qf3 23. Re3 Qb7 24. f5 Nd5 25. Rd3 Be5 26. Nh5 c4 27. Rh3
exf5 28. f4 f6 29. Qxf5 Qh7 30. Qxh7+ Kxh7 31. fxe5 dxe5 32. Kf2 1/2-1/2

[Event "27.Bayer.Senioren-EM2015"]
[Site "?"]
[Date "2015.06.15"]
[Round "3.20"]
[White "Hermann, Josef"]
[Black "Lehr, Thomas"]
[Result "0-1"]
[WhiteElo "1645"]
[BlackElo "1895"]
[PlyCount "78"]
[EventDate "2015.??.??"]
[WhiteTeam "TSV Trostberg"]
[BlackTeam "Husumer SV"]

1. c4 Nf6 2. Nc3 d6 3. d4 c6 4. h3 Bf5 5. Bf4 Nbd7 6. e3 e5 7. Bh2 Qb6 8. Qd2
Ne4 9. Nxe4 Bxe4 10. Ne2 Be7 11. Nc3 Bg6 12. Be2 O-O 13. O-O Rad8 14. d5 Nc5
15. b3 Bf6 16. Rac1 Rfe8 17. Kh1 Qb4 18. Ne4 Qxd2 19. Nxd2 Nd3 20. Bxd3 Bxd3
21. Rfe1 e4 22. dxc6 bxc6 23. Nb1 Bb2 24. Rcd1 d5 25. Rd2 Bf6 26. Bc7 Rc8 27.
Ba5 dxc4 28. bxc4 Bxc4 29. Bc3 Be7 30. a4 Bd3 31. Rb2 Rb8 32. Nd2 Rxb2 33. Bxb2
Bb4 34. Bc1 Bc2 35. Rf1 Bxa4 36. f3 exf3 37. Nxf3 Rd8 38. Kg1 Rd1 39. Bd2 Bxd2
0-1

[Event "27.Bayer.Senioren-EM2015"]
[Site "?"]
[Date "2015.06.15"]
[Round "3.21"]
[White "Breuer, Herbert"]
[Black "Kalkmann, Hans"]
[Result "1-0"]
[WhiteElo "1594"]
[BlackElo "1859"]
[PlyCount "91"]
[EventDate "2015.??.??"]
[WhiteTeam "SK Bad Aibling"]
[BlackTeam "SC Springer St.Tönis"]

1. e4 c6 2. d4 d5 3. Nc3 dxe4 4. a3 Bf5 5. h4 Nf6 6. Be2 h6 7. Be3 Nd5 8. Nxd5
cxd5 9. g4 Bd7 10. h5 e6 11. Qd2 Qb6 12. Nh3 Qxb2 13. O-O Qb6 14. f4 Qc7 15.
Rfc1 Nc6 16. c4 Qa5 17. Qb2 dxc4 18. Bxc4 a6 19. Nf2 b5 20. Be2 f5 21. gxf5
exf5 22. d5 Nd8 23. Qe5+ Be7 24. d6 O-O 25. dxe7 Re8 26. exd8=Q Qxd8 27. Qd5+
Kh8 28. Rc5 Qh4 29. Kg2 Be6 30. Qd4 Rad8 31. Qc3 Rd7 32. Rh1 Qd8 33. Rh3 Qe7
34. Rg3 Kh7 35. Rg6 Rg8 36. Re5 Rd6 37. Bc5 Qc7 38. Rexe6 Rxe6 39. Rxe6 Rc8 40.
Re5 Qc6 41. Kg3 Qf6 42. Nd1 Qf7 43. Qe3 Rc7 44. Nc3 g5 45. fxg5 Qg7 46. g6+ 1-0

[Event "27.Bayer.Senioren-EM2015"]
[Site "?"]
[Date "2015.06.15"]
[Round "3.22"]
[White "Kammel, Rudolf"]
[Black "Schroeter, Manfred"]
[Result "1-0"]
[WhiteElo "1582"]
[BlackElo "1855"]
[PlyCount "87"]
[EventDate "2015.??.??"]
[WhiteTeam "SC Bavaria Regensb."]
[BlackTeam "SC Falke Saerbeck"]

1. e4 g6 2. d4 Bg7 3. Nf3 d6 4. Nc3 Nf6 5. Bc4 O-O 6. Qe2 Bg4 7. h3 Bxf3 8.
Qxf3 c6 9. Be3 Nbd7 10. Bb3 a5 11. O-O Qc7 12. a4 Rab8 13. Qe2 e6 14. Qd3 d5
15. f4 Nxe4 16. Nxe4 dxe4 17. Qxe4 Nf6 18. Qf3 Nd5 19. Bxd5 cxd5 20. c3 b5 21.
Qe2 Qc4 22. Rf2 Rfc8 23. axb5 Rxb5 24. Qd1 Rcb8 25. Ra4 Qc7 26. Bc1 Rc8 27. g4
Bf8 28. Qf3 f5 29. Qe2 Qd7 30. Ra2 a4 31. Rf3 Bg7 32. Re3 Bxd4 33. cxd4 Rxc1+
34. Kf2 Rb6 35. gxf5 gxf5 36. Rg3+ Kf8 37. Qe5 Rc2+ 38. Ke1 Rbxb2 39. Rxb2 Rxb2
40. Qh8+ Ke7 41. Rg7+ Kd6 42. Qf8+ Kc7 43. Qc5+ Kd8 44. Rg8+ 1-0

[Event "27.Bayer.Senioren-EM2015"]
[Site "?"]
[Date "2015.06.15"]
[Round "3.23"]
[White "Hein, Manfred"]
[Black "Babichev, Vyacheslav"]
[Result "1-0"]
[WhiteElo "1850"]
[BlackElo "1683"]
[PlyCount "139"]
[EventDate "2015.??.??"]
[WhiteTeam "FC Gunzenhausen"]
[BlackTeam "SW Nürnberg Süd"]

1. e4 e6 2. Nf3 b6 3. d4 Bb7 4. Bd3 Nc6 5. c3 d6 6. O-O e5 7. Qa4 Qd7 8. d5 Nb8
9. Bb5 c6 10. dxc6 Bxc6 11. Na3 a6 12. Bxc6 Qxc6 13. Qxc6+ Nxc6 14. Nc4 b5 15.
Nb6 Rb8 16. Nd5 Rb7 17. Be3 Nge7 18. Rfd1 Nxd5 19. Rxd5 Be7 20. Rc1 O-O 21. b3
f6 22. g4 g5 23. Nd2 Kf7 24. Nf1 Rd8 25. Ng3 Bf8 26. Rdd1 Ke6 27. c4 b4 28. Rd5
Ne7 29. Rd3 Rc8 30. Rcd1 Rc6 31. Kf1 Ng6 32. Rd5 Nf4 33. R5d2 a5 34. f3 Ng6 35.
Nf5 Nf4 36. Bxf4 gxf4 37. Rd5 Ra6 38. R1d2 Rbb6 39. h4 a4 40. R5d3 axb3 41.
axb3 Ra1+ 42. Rd1 Rba6 43. h5 R1a2 44. R3d2 R2a3 45. Rd3 h6 46. Ke2 Ra2+ 47.
R3d2 R2a3 48. Rb2 Rc6 49. Nh4 Rca6 50. Ng6 Bg7 51. Rd5 Ra1 52. Rd1 Rxd1 53.
Kxd1 Ra1+ 54. Ke2 Rc1 55. Rd2 Rc3 56. Rd3 Rc1 57. Kd2 Ra1 58. Kc2 Ra2+ 59. Kc1
Ra5 60. Kb2 Rc5 61. Rd5 Kd7 62. Rd1 Ra5 63. Ra1 Rxa1 64. Kxa1 Kc6 65. Kb1 Kc5
66. Kc2 Kd4 67. Kd2 f5 68. gxf5 Bf6 69. Nf8 Kc5 70. Nd7+ 1-0

[Event "27.Bayer.Senioren-EM2015"]
[Site "?"]
[Date "2015.06.15"]
[Round "3.24"]
[White "Graw, Rolf"]
[Black "Knollmueller, Peter"]
[Result "0-1"]
[WhiteElo "1563"]
[BlackElo "1838"]
[PlyCount "80"]
[EventDate "2015.??.??"]
[WhiteTeam "VfR-SC Koblenz"]
[BlackTeam "SK Töging"]

1. d4 Nf6 2. e3 d5 3. Bd3 c6 4. c3 Bg4 5. Nf3 e6 6. O-O Bd6 7. Nbd2 Nbd7 8. h3
Bh5 9. Qe1 O-O 10. e4 dxe4 11. Nxe4 Nxe4 12. Bxe4 Nf6 13. Bg5 h6 14. Bh4 g5 15.
Bg3 Nxe4 16. Qxe4 Bg6 17. Qe3 Qc7 18. Bxd6 Qxd6 19. Rfe1 Rae8 20. Ne5 Bf5 21.
g4 Bh7 22. Re2 f6 23. Nf3 Re7 24. Rae1 Rfe8 25. a3 b6 26. c4 Kf7 27. c5 Qd5 28.
b4 Rb8 29. Rd2 a5 30. Qc3 axb4 31. axb4 Ra7 32. Rde2 b5 33. Rxe6 Qxe6 34. Rxe6
Kxe6 35. Qb3+ Ke7 36. d5 cxd5 37. Qxd5 Rd7 38. Qb3 Rd3 39. Qb1 Rbd8 40. Ne1
Rg3+ 0-1

[Event "27.Bayer.Senioren-EM2015"]
[Site "?"]
[Date "2015.06.15"]
[Round "3.25"]
[White "Korth, Manfred"]
[Black "Lueders, Guenter"]
[Result "1/2-1/2"]
[WhiteElo "1833"]
[BlackElo "1603"]
[PlyCount "108"]
[EventDate "2015.??.??"]
[WhiteTeam "SC Heideck-Hilpoltstein"]
[BlackTeam "TSV Benshausen"]

1. Nf3 Nf6 2. d4 d5 3. Bf4 e6 4. e3 Bd6 5. Bg3 Bxg3 6. hxg3 Nbd7 7. Bd3 h6 8.
Nbd2 Nb6 9. c4 dxc4 10. Nxc4 Nxc4 11. Bxc4 Qe7 12. O-O O-O 13. Qc2 c5 14. Rac1
cxd4 15. Nxd4 Bd7 16. Rfd1 Rac8 17. Qb3 Rc7 18. Nb5 Bxb5 19. Bxb5 Rfc8 20. Rxc7
Rxc7 21. Rd4 a6 22. Be2 Nd5 23. Bf3 Nf6 24. Qd3 g6 25. Qb3 b5 26. a4 bxa4 27.
Rxa4 Ra7 28. Qb6 Qc7 29. Qxc7 Rxc7 30. Rxa6 Rc1+ 31. Kh2 Rc2 32. b4 Rxf2 33. b5
Rb2 34. b6 Nd5 35. Bxd5 exd5 36. Kg1 Kf8 37. Kf1 Ke7 38. Ra7+ Kd6 39. b7 Kc7
40. b8=Q+ Kxb8 41. Rxf7 Rb6 42. Rd7 Rf6+ 43. Ke2 Rf5 44. g4 Re5 45. Kf3 h5 46.
gxh5 gxh5 47. Rh7 Rg5 48. Rf7 Kc8 49. g3 Kd8 50. Ra7 Rf5+ 51. Kg2 Ke8 52. Ra5
Re5 53. e4 Rxe4 54. Rxd5 h4 1/2-1/2

[Event "27.Bayer.Senioren-EM2015"]
[Site "?"]
[Date "2015.06.15"]
[Round "3.26"]
[White "Pidtoptanyy, Igor"]
[Black "Kunte, Herbert"]
[Result "1-0"]
[WhiteElo "1823"]
[BlackElo "1594"]
[PlyCount "111"]
[EventDate "2015.??.??"]
[WhiteTeam "SW Nürnberg Süd"]
[BlackTeam "SK Siemens München"]

1. e4 g6 2. d4 Bg7 3. Nc3 d6 4. f4 Nd7 5. Nf3 c6 6. Be2 Qc7 7. O-O e6 8. Be3
Ne7 9. Qd2 O-O 10. Rad1 a6 11. Bd3 b5 12. Ne2 Bb7 13. c3 Nf6 14. h3 Rad8 15.
Ng3 c5 16. Qf2 c4 17. Bb1 d5 18. e5 Nd7 19. Ng5 Qc6 20. Qd2 f6 21. Nf3 f5 22.
h4 Bc8 23. h5 Rfe8 24. Kf2 a5 25. Rh1 Qb6 26. a3 Nc6 27. hxg6 hxg6 28. Nh4 Nf8
29. Ne2 b4 30. axb4 axb4 31. g4 bxc3 32. bxc3 Re7 33. Bc2 Ra7 34. Rb1 Qa5 35.
gxf5 gxf5 36. Qc1 Qc7 37. Ng3 Ra2 38. Nh5 Rd7 39. Rb2 Qa5 40. Rg1 Rxb2 41. Qxb2
Kh8 42. Nxf5 exf5 43. Bxf5 Rb7 44. Qc2 Bxf5 45. Qxf5 Qd8 46. Qg4 Qe7 47. Nf6
Nh7 48. Nh5 Rc7 49. f5 Nxe5 50. dxe5 Qxe5 51. Bd4 Qh2+ 52. Rg2 Bxd4+ 53. cxd4
Qxg2+ 54. Qxg2 c3 55. Qg3 Rc8 56. Qg7# 1-0